[Event "RSA-chT U20"]
[Site "Cape Town"]
[Date "2016.01.06"]
[Round "6.5"]
[White "Burger, Hein"]
[Black "Paupamah, Prineel"]
[Result "1-0"]
[WhiteElo "1612"]
[BlackElo "1215"]
[PlyCount "73"]
[EventDate "2016.01.04"]
[EventType "team-tourn"]
[EventRounds "7"]
[EventCountry "RSA"]
[SourceTitle "CBM 170 Extra"]
[Source "ChessBase"]
[SourceDate "2016.02.25"]
[SourceVersion "1"]
[SourceVersionDate "2016.02.25"]
[SourceQuality "1"]
[WhiteTeam "Nelson Mandela Bay"]
[BlackTeam "Ekurhuleni"]
[WhiteTeamCountry "RSA"]
[BlackTeamCountry "RSA"]

1. e4 e5 2. Nf3 Nc6 3. d4 exd4 4. Bc4 Nge7 5. Nxd4 g6 6. Nxc6 Nxc6 7. 0-0 Bg7 8. f4 d6 9. f5 Be5 10. fxg6 Bxh2+ 11. Kxh2 hxg6+ 12. Kg1 Ne5 13. Be2 Qh4 14. Bf4 Bg4 15. Bxe5 Bxe2 16. Qxe2 dxe5 17. Qb5+ Kf8 18. Qxe5 Qh1+ 19. Kf2 Qh4+ 20. Ke3 Re8 21. Qf4 Qe7 22. Nd2 Rh4 23. Qf3 Rh5 24. Ke2 Rd5 25. Rh1 Kg7 26. Qe3 Rg5 27. Qh3 Rh5 28. Qc3+ Re5 29. Nf3 Qf6 30. Nxe5 Rxe5 31. Qe3 Qa6+ 32. Kd2 Qd6+ 33. Qd3 Qf6 34. Raf1 Qg5+ 35. Qe3 Qxg2+ 36. Kc1 Rxe4 37. Qh6+ 1-0

[Event "RSA-chT U20"]
[Site "Cape Town"]
[Date "2016.01.05"]
[Round "4.5"]
[White "Burger, Hein"]
[Black "Ndunakazi, Nobuhle"]
[Result "1-0"]
[WhiteElo "1612"]
[BlackElo "1196"]
[PlyCount "129"]
[EventDate "2016.01.04"]
[EventType "team-tourn"]
[EventRounds "7"]
[EventCountry "RSA"]
[SourceTitle "CBM 170 Extra"]
[Source "ChessBase"]
[SourceDate "2016.02.25"]
[SourceVersion "1"]
[SourceVersionDate "2016.02.25"]
[SourceQuality "1"]
[WhiteTeam "Nelson Mandela Bay"]
[BlackTeam "Ethekwini"]
[WhiteTeamCountry "RSA"]
[BlackTeamCountry "RSA"]

1. b4 d5 2. Bb2 e6 3. a3 f5 4. Nf3 Nf6 5. g3 Be7 6. Bg2 0-0 7. d3 Bd7 8. c4 c6 9. Nbd2 a5 10. Qb3 axb4 11. axb4 Rxa1+ 12. Bxa1 Na6 13. Bc3 Qb6 14. c5 Qd8 15. 0-0 Nc7 16. Ra1 Nb5 17. Bb2 b6 18. d4 Ne4 19. e3 h5 20. Bf1 bxc5 21. Bxb5 cxb5 22. dxc5 Bf6 23. Ra7 Bc6 24. Nxe4 fxe4 25. Ne5 Bxe5 26. Bxe5 Rf7 27. Qa2 Rxa7 28. Qxa7 Qd7 29. Qb8+ Kh7 30. Qf8 Bb7 31. Kg2 Bc6 32. Kh3 Kg6 33. Kh4 Bb7 34. g4 hxg4 35. Kxg4 Qf7 36. Qxf7+ Kxf7 37. Kg5 Bc6 38. h4 Bd7 39. h5 Bc6 40. Bg3 Be8 41. Bd6 Bd7 42. Kf4 Kf6 43. Be5+ Kf7 44. Kg5 Bc6 45. Bg3 Be8 46. Kf4 Ke7 47. Kg4 Kf7 48. Bh4 Bc6 49. Kf4 Ke8 50. Ke5 Bd7 51. Kd6 Bc8 52. Kc7 Ba6 53. Kb6 Bc8 54. c6 e5 55. Kc5 Be6 56. Kd6 Bg4 57. Kxd5 Bxh5 58. Kxe4 Bg4 59. Kxe5 Bc8 60. e4 Kf7 61. Kd6 Ke8 62. Kc5 Kf7 63. Kxb5 Ke6 64. Kc5 Ke5 65. b5 1-0